NBA Playoffs Starters 2024-2025 - Statistics

General Stats
  • This quiz has been taken 141 times
    71 since last reset
  • The average score is 61 of 80
Answer Stats
Team Position Answer % Correct
BOSTON CELTICS SG Derrick White
100%
BOSTON CELTICS SF Jaylen Brown
100%
BOSTON CELTICS C Al Horford
95%
BOSTON CELTICS PG Jrue Holiday
93%
DENVER NUGGETS C Nikola Jokić
93%
CLEVELAND CAVALIERS PG Darius Garland
91%
MIAMI HEAT PG Davion Mitchell
91%
CLEVELAND CAVALIERS SG Donovan Mitchell
91%
CLEVELAND CAVALIERS PF Evan Mobley
91%
DENVER NUGGETS PG Jamal Murray
91%
MILWAUKEE BUCKS SG Kevin Porter Jr.
91%
DENVER NUGGETS SF Michael Porter Jr.
91%
DENVER NUGGETS PF Aaron Gordon
89%
DETROIT PISTONS PG Cade Cunningham
89%
GOLDEN STATE WARRIORS PF Draymond Green
89%
HOUSTON ROCKETS SG Jalen Green
89%
CLEVELAND CAVALIERS C Jarrett Allen
89%
MILWAUKEE BUCKS SG A.J. Green
88%
HOUSTON ROCKETS SF Amen Thompson
88%
DETROIT PISTONS SF Ausar Thompson
88%
INDIANA PACERS PG Tyrese Haliburton
88%
LOS ANGELES CLIPPERS PG James Harden
86%
GOLDEN STATE WARRIORS SF Jimmy Butler
86%
LOS ANGELES CLIPPERS SF Kawhi Leonard
86%
LOS ANGELES LAKERS SF LeBron James
86%
LOS ANGELES CLIPPERS C Ivica Zubac
84%
OKLAHOMA CITY THUNDER SG Jalen Williams
84%
HOUSTON ROCKETS C Alperen Sengun
82%
LOS ANGELES LAKERS SG Austin Reaves
82%
MILWAUKEE BUCKS PF Giannis Antetokounmpo
82%
NEW YORK KNICKS PG Jalen Brunson
82%
DETROIT PISTONS C Jalen Duren
82%
MEMPHIS GRIZZLIES C Jaren Jackson Jr.
82%
LOS ANGELES LAKERS PG Luka Doncic
82%
INDIANA PACERS C Myles Turner
82%
ORLANDO MAGIC PF Paolo Banchero
82%
INDIANA PACERS PF Pascal Siakam
82%
OKLAHOMA CITY THUNDER PG Shai Gilgeous-Alexander
82%
MINNESOTA TIMBERWOLVES SG Anthony Edwards
81%
MIAMI HEAT C Bam Adebayo
81%
OKLAHOMA CITY THUNDER C Chet Holmgren
81%
DENVER NUGGETS SG Christian Braun
81%
NEW YORK KNICKS C Karl Anthony-Towns
81%
ORLANDO MAGIC SF Franz Wagner
79%
OKLAHOMA CITY THUNDER C Isaiah Hartenstein
79%
MINNESOTA TIMBERWOLVES PF Jaden McDaniels
79%
MINNESOTA TIMBERWOLVES C Rudy Gobert
79%
HOUSTON ROCKETS PG Fred VanVleet
77%
MINNESOTA TIMBERWOLVES PF Julius Randle
77%
OKLAHOMA CITY THUNDER SF Luguentz Dort
77%
MINNESOTA TIMBERWOLVES PG Mike Conley
77%
INDIANA PACERS SF Aaron Nesmith
74%
NEW YORK KNICKS SF Mikal Bridges
74%
NEW YORK KNICKS C Mitchell Robinson
74%
MIAMI HEAT SG Tyler Herro
74%
MEMPHIS GRIZZLIES SG Desmond Bane
72%
CLEVELAND CAVALIERS SF Max Strus
72%
LOS ANGELES LAKERS PF Rui Hachimura
72%
NEW YORK KNICKS PF OG Anunoby
70%
ORLANDO MAGIC C Wendell Carter Jr.
70%
MEMPHIS GRIZZLIES C Zach Edey
70%
INDIANA PACERS SG Andrew Nembhard
68%
ORLANDO MAGIC SG Kentavious Caldwell-Pope
68%
GOLDEN STATE WARRIORS SG Brandin Podziemski
67%
DETROIT PISTONS PF Tobias Harris
67%
HOUSTON ROCKETS SF Dillon Brooks
65%
MIAMI HEAT SF Andrew Wiggins
63%
LOS ANGELES CLIPPERS SG Norman Powell
61%
GOLDEN STATE WARRIORS C Trayce Jackson-Davis
61%
MIAMI HEAT C Kel'el Ware
58%
LOS ANGELES LAKERS PF Dorian Finney-Smith
54%
GOLDEN STATE WARRIORS SG Buddy Hield
51%
MILWAUKEE BUCKS PF Bobby Portis
49%
LOS ANGELES CLIPPERS SF Derrick Jones Jr.
49%
MILWAUKEE BUCKS SG Gary Trent Jr.
47%
BOSTON CELTICS C Luke Kornet
47%
MEMPHIS GRIZZLIES PF Santi Aldama
44%
DETROIT PISTONS SG Tim Hardaway Jr.
42%
MEMPHIS GRIZZLIES PG Scotty Pippen Jr.
32%
ORLANDO MAGIC PG Cory Joseph
26%
No matching quizzes found
Score Distribution
Percent of People with Each Score
Percentile by Number Answered
Your Score History
You have not taken this quiz since the last reset